Proyecto biocomercio Andino - Colombia. (Registro nro. 20162)

Detalles MARC
000 -CABECERA
Campo de control 00909nam a2200229 a 4500
005 - FECHA Y HORA DE LA ULTIMA TRANSACCION
Campo de control 20180420124216.0
008 - ELEMENTOS DE LONGITUD FIJA—INFORMACION GENERAL
Campo de control 180420s2014 ck ado||r|||| 00| 0 spa d
020 ## - ISBN
ISBN 9789585848238
040 ## - FUENTE DE CATALOGACIÓN
Agencia catalogadora original CO-BoIAVH
Agencia transcriptora CO-BoIAVH
041 0# - IDIOMA
Código de idioma para texto/pista de sonido o título separado Español
044 ## - PAÍS DE PUBLICACIÓN
País de publicación Colombia
082 04 - NUMERO DE CLASIFICACION DECIMAL DEWEY
Número de clasificación 333.715068
Número del ítem P96b
245 00 - MENCION DE TITULO
Título Proyecto biocomercio Andino - Colombia.
Parte restante del título Memoria técnica 2011-2014
260 ## - PUBLICACION, DISTRIBUCION, ETC. (PIE DE IMPRENTA)
Lugar de publicación, distribución, etc. Bogotá (Colombia) :
Nombre del editor, distribuidor, etc. Proyecto Biocomercio Andino,
Fecha de publicación, distribución, etc. 2014.
300 ## - DESCRIPCION FISICA
Extensión 80 páginas :
Otros detalles físicos ilustraciones a color, gráficas a color y fotografías ;
Dimensiones 23 x 27 cm.
630 #4 - ASIENTO SECUNDARIO DE MATERIA - TITULO UNIFORME
Uniform title Proyecto Biocomercio Andino - Colombia
Chronological subdivision 2011-2014
Form subdivision Informes
9 (RLIN) 90915
650 26 - ASIENTO SECUNDARIO DE MATERIA - TERMINO TEMATICO
Término temático o nombre geográfico como elemento de entrada Recursos naturales
Subdivisión general Sostenibilidad
-- Comercio
Subdivisión geográfica Colombia
9 (RLIN) 90916
650 26 - ASIENTO SECUNDARIO DE MATERIA - TERMINO TEMATICO
Término temático o nombre geográfico como elemento de entrada Economía agrícola
Subdivisión geográfica Colombia
9 (RLIN) 90917
650 26 - ASIENTO SECUNDARIO DE MATERIA - TERMINO TEMATICO
Término temático o nombre geográfico como elemento de entrada Biodiversidad
Subdivisión general Sostenibilidad
Subdivisión geográfica Colombia
9 (RLIN) 90918
710 2# - ASIENTO SECUNDARIO - NOMBRE CORPORATIVO
Nombre corporativo o de jurisdicción como elemento de entrada Corporación fondo biocomercio Colombia
9 (RLIN) 71301
942 ## - ELEMENTOS ADICIONALES (KOHA)
Sistema de clasificación Dewey Decimal Classification
Tipo de ítem Libro
Existencias
Withdrawn status Lost status Sistema de Clasificación Damaged status No para préstamo Colección Ubicación Permanente Ubicación actual Fecha de adquisición Total Checkouts Número topográfico Inventario / Código de Barras Date last seen Ejemplar Price effective from Forma de adquisición Tipo de material
    Dewey Decimal Classification     General Bogotá Bogotá 20/04/2018   LB-333.715068 P96b 030071 20/04/2018 Ej. 1 20/04/2018 Donación Libro